[Event "10. Torneo I. Cidade de Pontevedra 2022"]
[Site "Pontevedra ESP"]
[Date "2022.07.27"]
[Round "5.9"]
[White "Mirzoev, Emil"]
[Black "Persson, Andreas"]
[Result "1-0"]
[WhiteElo "2493"]
[BlackElo "2154"]
[PlyCount "75"]
[EventDate "2022.07.24"]
[EventType "swiss"]
[EventRounds "9"]
[EventCountry "ESP"]
[SourceTitle "Ajedrez en Madrid"]
[Source "lmi"]
[SourceDate "2022.07.24"]
[SourceVersion "1"]
[SourceVersionDate "2022.08.06"]
[SourceQuality "1"]

1. g3 d5 2. Nf3 Nf6 3. Bg2 c6 4. O-O Bf5 5. d3 e6 6. Nbd2 Be7 7. Nh4 Bg4 8. f4
Qb6+ 9. Kh1 Nbd7 10. Qe1 O-O-O 11. a4 h6 12. a5 Qc7 13. a6 b6 14. Ndf3 Ne8 15.
h3 Bxf3 16. Nxf3 f6 17. e4 dxe4 18. Qxe4 Nc5 19. Qe2 Nd6 20. b4 Nf5 21. Qe1 Nd7
22. g4 Bxb4 23. Qxb4 Ng3+ 24. Kg1 Nxf1 25. Kxf1 e5 26. Kg1 g5 27. fxe5 fxe5 28.
Qe4 Rhf8 29. Bb2 Rde8 30. Qe3 e4 31. dxe4 Qg3 32. e5 Nc5 33. Ba3 Ne6 34. Qe4
Rf7 35. Qxc6+ Nc7 36. Qb7+ Kd8 37. Rd1+ Rd7 38. Qb8# 1-0

[Event "10. Torneo I. Cidade de Pontevedra 2022"]
[Site "Pontevedra ESP"]
[Date "2022.07.27"]
[Round "5.10"]
[White "Bringas Gomez, Artai"]
[Black "Garrido Outon, Alex"]
[Result "0-1"]
[WhiteElo "2203"]
[BlackElo "2436"]
[PlyCount "124"]
[EventDate "2022.07.24"]
[EventType "swiss"]
[EventRounds "9"]
[EventCountry "ESP"]
[SourceTitle "Ajedrez en Madrid"]
[Source "lmi"]
[SourceDate "2022.07.24"]
[SourceVersion "1"]
[SourceVersionDate "2022.08.06"]
[SourceQuality "1"]

1. Nf3 Nf6 2. g3 g6 3. Bg2 Bg7 4. O-O d6 5. d4 O-O 6. Re1 Nbd7 7. e4 e5 8. a4
c6 9. a5 Re8 10. Nc3 Qc7 11. h3 Rb8 12. b3 b5 13. axb6 axb6 14. Ba3 Bf8 15. Qd2
b5 16. Bb2 Bb7 17. Ba3 exd4 18. Nxd4 Ba8 19. Bb4 Qc8 20. Rxa8 Rxa8 21. Nxc6
Qxc6 22. e5 d5 23. Bxf8 Kxf8 24. exf6 Rxe1+ 25. Qxe1 Nxf6 26. Qd2 Rc8 27. Nxd5
Nxd5 28. Bxd5 Qxc2 29. Qd4 Qc3 30. Qb6 Rc5 31. Qa7 Qe1+ 32. Kg2 Qe7 33. Qa1 Kg8
34. Qd4 Rc7 35. Qd3 Qc5 36. Qe4 Re7 37. Qf3 Kg7 38. h4 h5 39. Be4 Re5 40. Qd3
Re6 41. Bf3 Qe5 42. Bb7 Rd6 43. Qc2 Qd4 44. Qe2 Rf6 45. Bf3 Rf5 46. Bc6 Rc5 47.
Bf3 Qc3 48. Qd1 Qe5 49. Qd7 Rc2 50. Bd5 Qf6 51. Qa7 Rd2 52. Be4 Qd4 53. Qxd4+
Rxd4 54. Bc6 Rb4 55. Bd5 Rd4 56. Bc6 Rb4 57. Bd5 Kf6 58. f3 Rd4 59. Bc6 b4 60.
Bb5 Rd2+ 61. Kf1 Rc2 62. f4 Rc3 0-1

[Event "10. Torneo I. Cidade de Pontevedra 2022"]
[Site "Pontevedra ESP"]
[Date "2022.07.27"]
[Round "5.11"]
[White "Gonzalez Perez, Jose Ramon"]
[Black "Gonzalez Perez, Arian"]
[Result "1/2-1/2"]
[WhiteElo "2161"]
[BlackElo "2418"]
[PlyCount "52"]
[EventDate "2022.07.24"]
[EventType "swiss"]
[EventRounds "9"]
[EventCountry "ESP"]
[SourceTitle "Ajedrez en Madrid"]
[Source "lmi"]
[SourceDate "2022.07.24"]
[SourceVersion "1"]
[SourceVersionDate "2022.08.06"]
[SourceQuality "1"]

1. e4 c5 2. Nf3 d6 3. d4 cxd4 4. Nxd4 Nf6 5. Nc3 g6 6. Be2 Bg7 7. Be3 Nc6 8.
Nb3 O-O 9. g4 a5 10. a4 Nb4 11. g5 Nh5 12. Qd2 Bh3 13. O-O-O Rc8 14. Kb1 d5 15.
Nxd5 Rxc2 16. Qxc2 Nxc2 17. Nf6+ Nxf6 18. Rxd8 Rxd8 19. Kxc2 Rc8+ 20. Kb1 Nxe4
21. Rc1 Be5 22. Nxa5 Ra8 23. Nxb7 Bf5 24. Bd3 Rb8 25. f4 Bg7 26. Rc7 Nc3+
1/2-1/2

[Event "10. Torneo I. Cidade de Pontevedra 2022"]
[Site "Pontevedra ESP"]
[Date "2022.07.27"]
[Round "5.12"]
[White "Bernal Moro, Luis Javier"]
[Black "Contin, Daniel"]
[Result "0-1"]
[WhiteElo "2404"]
[BlackElo "2206"]
[PlyCount "66"]
[EventDate "2022.07.24"]
[EventType "swiss"]
[EventRounds "9"]
[EventCountry "ESP"]
[SourceTitle "Ajedrez en Madrid"]
[Source "lmi"]
[SourceDate "2022.07.24"]
[SourceVersion "1"]
[SourceVersionDate "2022.08.06"]
[SourceQuality "1"]

1. c4 e5 2. Nc3 Nf6 3. Nf3 Nc6 4. e4 Bb4 5. d3 d6 6. h3 a5 7. Be3 O-O 8. Be2 a4
9. a3 Bxc3+ 10. bxc3 b6 11. Nd2 Re8 12. O-O Nd7 13. d4 Qf6 14. Nf3 h6 15. Bd3
Nf8 16. Kh2 g5 17. Bc2 Bd7 18. Ng1 Na5 19. Bd3 Nb3 20. Ra2 Ne6 21. d5 Nf4 22.
Bb1 Bc8 23. g3 Ba6 24. gxf4 gxf4 25. Bd3 Kh8 26. Bc1 Rg8 27. f3 Qh4 28. Rff2
Rg3 29. Rg2 Rag8 30. Rxg3 Rxg3 31. Kh1 Bc8 32. Rh2 Nxc1 33. Qxc1 Bxh3 0-1

[Event "10. Torneo I. Cidade de Pontevedra 2022"]
[Site "Pontevedra ESP"]
[Date "2022.07.27"]
[Round "5.13"]
[White "Mahitosh, Dey"]
[Black "Roque Sola, Jose Luis"]
[Result "0-1"]
[WhiteElo "2212"]
[BlackElo "2098"]
[PlyCount "62"]
[EventDate "2022.07.24"]
[EventType "swiss"]
[EventRounds "9"]
[EventCountry "ESP"]
[SourceTitle "Ajedrez en Madrid"]
[Source "lmi"]
[SourceDate "2022.07.24"]
[SourceVersion "1"]
[SourceVersionDate "2022.08.06"]
[SourceQuality "1"]

1. d4 Nf6 2. Nf3 d5 3. c3 e6 4. Bf4 Bd6 5. e3 c5 6. Nbd2 Qc7 7. Bg3 O-O 8. Bd3
b6 9. e4 Bxg3 10. hxg3 dxe4 11. Nxe4 Nbd7 12. Ne5 h6 13. Nxd7 Nxd7 14. g4 c4
15. Bc2 f5 16. Ng3 Qf4 17. Qe2 Nf6 18. gxf5 exf5 19. Qxc4+ Kh8 20. Ne2 Qg5 21.
f4 Qxg2 22. O-O-O Re8 23. Qf7 Rxe2 24. Bb3 Qb7 25. Qf8+ Kh7 26. Rdg1 Be6 27.
Rxg7+ Qxg7 28. Qxa8 Bxb3 29. axb3 Qe7 30. c4 Qe3+ 31. Kb1 Qxd4 0-1

[Event "10. Torneo I. Cidade de Pontevedra 2022"]
[Site "Pontevedra ESP"]
[Date "2022.07.27"]
[Round "5.14"]
[White "Patino Romaris, Juan Roberto"]
[Black "Cabezas Ayala, Ivan"]
[Result "0-1"]
[WhiteElo "2093"]
[BlackElo "2296"]
[PlyCount "88"]
[EventDate "2022.07.24"]
[EventType "swiss"]
[EventRounds "9"]
[EventCountry "ESP"]
[SourceTitle "Ajedrez en Madrid"]
[Source "lmi"]
[SourceDate "2022.07.24"]
[SourceVersion "1"]
[SourceVersionDate "2022.08.06"]
[SourceQuality "1"]

1. d4 Nf6 2. c4 g6 3. Nc3 Bg7 4. e4 d6 5. Nge2 O-O 6. Ng3 c6 7. Be2 a6 8. O-O
b5 9. e5 dxe5 10. dxe5 Qxd1 11. Rxd1 Ne8 12. Bg5 f6 13. exf6 Nxf6 14. Bf3 bxc4
15. Re1 Nfd7 16. Bxe7 Re8 17. Bd6 Ne5 18. Be4 Bb7 19. f4 Nf7 20. Ba3 Nd7 21.
Rad1 Nf6 22. Na4 Nxe4 23. Nxe4 Rad8 24. Nac5 Bc8 25. Rc1 Bf5 26. Rxc4 Nd6 27.
Ra4 Nxe4 28. Nxe4 Re6 29. Kf2 Rd3 30. Nc5 Rd2+ 31. Kf1 Rxe1+ 32. Kxe1 Rxg2 33.
Rxa6 Bd4 34. Rxc6 Bg4 35. h3 Bf2+ 36. Kf1 Bxh3 37. Ne6 Bh4 38. Ra6 Kf7 39. Nc5
Rxb2+ 40. Kg1 Rxa2 41. Ra7+ Kf6 42. Ne4+ Kf5 43. Rxh7 Kxe4 44. Rxh4 Rxa3 0-1

[Event "10. Torneo I. Cidade de Pontevedra 2022"]
[Site "Pontevedra ESP"]
[Date "2022.07.27"]
[Round "5.15"]
[White "Krutti, Valer"]
[Black "Ereza Vizcarra, Fernando"]
[Result "1-0"]
[WhiteElo "2292"]
[BlackElo "2131"]
[PlyCount "89"]
[EventDate "2022.07.24"]
[EventType "swiss"]
[EventRounds "9"]
[EventCountry "ESP"]
[SourceTitle "Ajedrez en Madrid"]
[Source "lmi"]
[SourceDate "2022.07.24"]
[SourceVersion "1"]
[SourceVersionDate "2022.08.06"]
[SourceQuality "1"]

1. d4 d6 2. c4 e5 3. Nf3 e4 4. Ng5 f5 5. Nc3 c6 6. d5 Be7 7. Nh3 a5 8. g3 Nd7
9. Bg2 Ngf6 10. O-O Ne5 11. b3 O-O 12. Kh1 Bd7 13. Nf4 g5 14. Ne6 Bxe6 15. dxe6
Ne8 16. f3 exf3 17. exf3 Ng6 18. f4 g4 19. Re1 Ng7 20. Na4 Bf6 21. Rb1 Qc7 22.
Be3 Nxe6 23. Bb6 Qd7 24. Qd2 Rae8 25. Bxa5 Nd4 26. Qd3 h5 27. Bc3 Rxe1+ 28.
Rxe1 c5 29. Nb6 Qh7 30. Nd5 Bg7 31. Ne7+ Kh8 32. Bxb7 h4 33. Nxg6+ Qxg6 34. Kg1
Qh5 35. Kf2 hxg3+ 36. hxg3 Qg6 37. Rh1+ Kg8 38. Bd5+ Rf7 39. Re1 Kf8 40. Bxf7
Qxf7 41. Bxd4 Bxd4+ 42. Ke2 Kg7 43. Kd1 Kg6 44. Qe2 Qb7 45. Qe8+ 1-0

[Event "10. Torneo I. Cidade de Pontevedra 2022"]
[Site "Pontevedra ESP"]
[Date "2022.07.27"]
[Round "5.16"]
[White "Alvarez Pampillon, Antonio"]
[Black "Aguilera Lopez, Alejandro"]
[Result "1-0"]
[WhiteElo "2019"]
[BlackElo "2219"]
[PlyCount "91"]
[EventDate "2022.07.24"]
[EventType "swiss"]
[EventRounds "9"]
[EventCountry "ESP"]
[SourceTitle "Ajedrez en Madrid"]
[Source "lmi"]
[SourceDate "2022.07.24"]
[SourceVersion "1"]
[SourceVersionDate "2022.08.06"]
[SourceQuality "1"]

1. c4 e5 2. g3 Nc6 3. Bg2 Bc5 4. Nc3 a6 5. Nf3 d6 6. O-O Nf6 7. e3 Bg4 8. h3
Bh5 9. d4 Ba7 10. g4 Bg6 11. b4 O-O 12. a3 Re8 13. d5 Ne7 14. Nh4 Nd7 15. e4
Bd4 16. Bd2 c6 17. Rc1 cxd5 18. cxd5 Rc8 19. Ne2 Ba7 20. Qb3 b5 21. Qg3 Nb6 22.
Be3 Qd7 23. Nf5 f6 24. h4 Nxf5 25. exf5 Bf7 26. g5 Nxd5 27. g6 hxg6 28. fxg6
Be6 29. Rxc8 Rxc8 30. Bxa7 Qxa7 31. Bxd5 Bxd5 32. Qg4 Rc4 33. Qh5 Kf8 34. Rd1
Qb7 35. Qh8+ Bg8 36. Rxd6 Rg4+ 37. Ng3 Rd4 38. Rxf6+ gxf6 39. Qxf6+ Bf7 40.
Qh8+ Bg8 41. Qf6+ Bf7 42. g7+ Kg8 43. Qh6 Rxh4 44. Qxh4 Kxg7 45. Qg5+ Bg6 46.
Nf5+ 1-0

[Event "10. Torneo I. Cidade de Pontevedra 2022"]
[Site "Pontevedra ESP"]
[Date "2022.07.27"]
[Round "5.17"]
[White "Villar Perez, Samuel"]
[Black "Otero Nogueira, Brais"]
[Result "1-0"]
[WhiteElo "2188"]
[BlackElo "2076"]
[PlyCount "63"]
[EventDate "2022.07.24"]
[EventType "swiss"]
[EventRounds "9"]
[EventCountry "ESP"]
[SourceTitle "Ajedrez en Madrid"]
[Source "lmi"]
[SourceDate "2022.07.24"]
[SourceVersion "1"]
[SourceVersionDate "2022.08.06"]
[SourceQuality "1"]

1. e4 c5 2. Nf3 g6 3. d4 cxd4 4. Nxd4 Bg7 5. c4 Nc6 6. Be3 Nf6 7. Nc3 O-O 8.
Be2 d6 9. O-O Nxd4 10. Bxd4 Bd7 11. Qd2 Bc6 12. f3 a5 13. Rac1 Nd7 14. Be3 Nc5
15. Nb5 a4 16. Rfd1 Qa5 17. Nc3 Rfc8 18. Bg5 Re8 19. Kh1 a3 20. b3 Nxb3 21.
axb3 a2 22. b4 Qa3 23. Nxa2 Qxa2 24. b5 Qxd2 25. Rxd2 Ra5 26. bxc6 Rxg5 27.
cxb7 Ra5 28. Rd5 Ra7 29. Rb5 Rb8 30. Rcb1 Kf8 31. c5 dxc5 32. Rxc5 1-0

[Event "10. Torneo I. Cidade de Pontevedra 2022"]
[Site "Pontevedra ESP"]
[Date "2022.07.27"]
[Round "5.18"]
[White "Torres Boch, Jose Francisco"]
[Black "Sarabando, Rodrigo Andias"]
[Result "0-1"]
[WhiteElo "2188"]
[BlackElo "1915"]
[PlyCount "112"]
[EventDate "2022.07.24"]
[EventType "swiss"]
[EventRounds "9"]
[EventCountry "ESP"]
[SourceTitle "Ajedrez en Madrid"]
[Source "lmi"]
[SourceDate "2022.07.24"]
[SourceVersion "1"]
[SourceVersionDate "2022.08.06"]
[SourceQuality "1"]

1. e4 c5 2. Nc3 e6 3. Nf3 d6 4. d4 cxd4 5. Nxd4 Nf6 6. Be3 a6 7. Be2 Be7 8. g4
h6 9. Qd2 Nc6 10. Rg1 Nxd4 11. Bxd4 e5 12. Be3 Be6 13. O-O-O b5 14. a3 Rc8 15.
h4 Qa5 16. f3 b4 17. Nd5 Bxd5 18. exd5 Qa4 19. Kb1 Nxd5 20. b3 Qc6 21. Rc1 Nc3+
22. Ka1 bxa3 23. Bd3 d5 24. Rge1 a5 25. Bf2 Kf8 26. Bf5 Rd8 27. Rxe5 Bb4 28.
Be1 Na2 29. Kxa2 Bxd2 30. Bxd2 g6 31. Bd3 Kg7 32. h5 Rde8 33. f4 Rxe5 34. fxe5
Qe6 35. Bxa5 Qxe5 36. Kxa3 Qe3 37. Kb2 Ra8 38. Re1 Qc5 39. Bd2 Qa3+ 40. Kc3
Qc5+ 41. Kb2 d4 42. b4 Qd5 43. c4 dxc3+ 44. Bxc3+ Kg8 45. Bb1 Qg2+ 46. Kb3 Qxg4
47. hxg6 fxg6 48. Be4 Qe6+ 49. Kc2 Qa2+ 50. Kd3 Rd8+ 51. Ke3 Qb3 52. Rc1 Re8
53. Kd4 Qe6 54. Re1 Rd8+ 55. Ke3 Qh3+ 56. Bf3 Rf8 0-1

[Event "10. Torneo I. Cidade de Pontevedra 2022"]
[Site "Pontevedra ESP"]
[Date "2022.07.27"]
[Round "5.19"]
[White "Gomez Carreno, Martin"]
[Black "Gonzalez Carro, Victor"]
[Result "1-0"]
[WhiteElo "2155"]
[BlackElo "1808"]
[PlyCount "125"]
[EventDate "2022.07.24"]
[EventType "swiss"]
[EventRounds "9"]
[EventCountry "ESP"]
[SourceTitle "Ajedrez en Madrid"]
[Source "lmi"]
[SourceDate "2022.07.24"]
[SourceVersion "1"]
[SourceVersionDate "2022.08.06"]
[SourceQuality "1"]

1. e4 c5 2. Nc3 Nc6 3. Nge2 g6 4. d4 cxd4 5. Nxd4 Bg7 6. Be3 Nf6 7. Bc4 O-O 8.
Bb3 Qa5 9. O-O d6 10. Nd5 Qd8 11. Nxf6+ Bxf6 12. c3 Na5 13. Bc2 Bd7 14. Kh1 Bg7
15. Bg5 Rc8 16. Bd3 Nc4 17. Qb3 Na5 18. Qa3 Re8 19. Rad1 a6 20. f4 Nc4 21. Bxc4
Rxc4 22. f5 Bc8 23. Rd2 b5 24. Qb3 Bb7 25. Qc2 Qa8 26. Re1 Rec8 27. Qd3 b4 28.
Bxe7 bxc3 29. bxc3 Rxc3 30. Qe2 Bxe4 31. f6 Re8 32. Rg1 Bh6 33. Re1 Re3 34. Qf2
Bxg2+ 35. Kg1 Rxe1+ 36. Qxe1 Qe4 37. Re2 Qxd4+ 38. Kxg2 Qg4+ 39. Kh1 Bg5 40.
Rg2 Qf3 41. Qf2 Qd1+ 42. Rg1 Qd5+ 43. Qg2 Qxg2+ 44. Kxg2 Rxe7 45. fxe7 Bxe7 46.
Kf3 Bf6 47. Rd1 Be5 48. h3 Kg7 49. Rd5 Bc3 50. Rxd6 a5 51. Rd7 Bb4 52. Rb7 g5
53. Kg4 Kg6 54. Rb5 h5+ 55. Kf3 f6 56. a4 Kf7 57. Ke4 Kg6 58. Rxb4 axb4 59. a5
f5+ 60. Kd3 f4 61. a6 b3 62. a7 f3 63. a8=Q 1-0

[Event "10. Torneo I. Cidade de Pontevedra 2022"]
[Site "Pontevedra ESP"]
[Date "2022.07.27"]
[Round "5.20"]
[White "Vidal del Rio, Manuel"]
[Black "Bartolo, Filipe Diogo Correi"]
[Result "1/2-1/2"]
[WhiteElo "2092"]
[BlackElo "1815"]
[PlyCount "41"]
[EventDate "2022.07.24"]
[EventType "swiss"]
[EventRounds "9"]
[EventCountry "ESP"]
[SourceTitle "Ajedrez en Madrid"]
[Source "lmi"]
[SourceDate "2022.07.24"]
[SourceVersion "1"]
[SourceVersionDate "2022.08.06"]
[SourceQuality "1"]

1. e4 c5 2. Nf3 Nc6 3. d4 cxd4 4. Nxd4 Nf6 5. Nc3 d6 6. Be2 e6 7. O-O Be7 8.
Be3 O-O 9. Qd2 a6 10. f4 Nxd4 11. Qxd4 b5 12. a4 bxa4 13. Rxa4 Rb8 14. b3 Nd7
15. Ra2 Qc7 16. Na4 Bb7 17. Rd1 Rfd8 18. Bf3 Bc6 19. Qc4 Qb7 20. Nc3 Ra8 21.
Rda1 1/2-1/2

[Event "10. Torneo I. Cidade de Pontevedra 2022"]
[Site "Pontevedra ESP"]
[Date "2022.07.27"]
[Round "5.21"]
[White "Martinez Montes, Juan Manuel"]
[Black "Rey Malde, Henrique"]
[Result "1-0"]
[WhiteElo "2035"]
[BlackElo "2297"]
[PlyCount "81"]
[EventDate "2022.07.24"]
[EventType "swiss"]
[EventRounds "9"]
[EventCountry "ESP"]
[SourceTitle "Ajedrez en Madrid"]
[Source "lmi"]
[SourceDate "2022.07.24"]
[SourceVersion "1"]
[SourceVersionDate "2022.08.06"]
[SourceQuality "1"]

1. e4 c5 2. Nf3 Nc6 3. Nc3 Nf6 4. d4 cxd4 5. Nxd4 e5 6. Ndb5 d6 7. Bg5 a6 8.
Na3 b5 9. Nd5 Be7 10. Bxf6 Bxf6 11. Nb1 O-O 12. a4 bxa4 13. Rxa4 a5 14. Bc4 Bg5
15. O-O Rb8 16. Nd2 Bxd2 17. Qxd2 Kh8 18. Ne3 Nd4 19. c3 Nb3 20. Bxb3 Rxb3 21.
Rd1 Rb7 22. Nc4 f5 23. exf5 Rxf5 24. Rxa5 Rd7 25. Ra8 Qg8 26. Rxc8 Qxc8 27. Nb6
Qc6 28. Nxd7 Qxd7 29. Qxd6 Qxd6 30. Rxd6 Kg8 31. Kf1 Kf7 32. Ke2 Rg5 33. g3 Rg4
34. Ke3 Ra4 35. Rb6 Ra1 36. b4 g5 37. Kf3 Rh1 38. Kg2 Rc1 39. Rc6 Rc2 40. b5 e4
41. Kf1 1-0

[Event "10. Torneo I. Cidade de Pontevedra 2022"]
[Site "Pontevedra ESP"]
[Date "2022.07.27"]
[Round "5.22"]
[White "Blanco Garcia, Liliam Barbara"]
[Black "Deleyn, Gunter"]
[Result "1-0"]
[WhiteElo "2031"]
[BlackElo "2181"]
[PlyCount "47"]
[EventDate "2022.07.24"]
[EventType "swiss"]
[EventRounds "9"]
[EventCountry "ESP"]
[SourceTitle "Ajedrez en Madrid"]
[Source "lmi"]
[SourceDate "2022.07.24"]
[SourceVersion "1"]
[SourceVersionDate "2022.08.06"]
[SourceQuality "1"]

1. e4 g6 2. d4 Bg7 3. Nc3 d6 4. Be3 a6 5. g4 b5 6. Bg2 Bb7 7. h4 Nf6 8. g5 Nfd7
9. h5 Nb6 10. h6 Bf8 11. f4 Nc4 12. Bc1 Nd7 13. b3 Ncb6 14. d5 e5 15. Bb2 Rg8
16. Qg4 Qe7 17. Nf3 b4 18. Ne2 O-O-O 19. f5 Kb8 20. fxg6 Rxg6 21. Nf4 Bc8 22.
Qh5 Nc5 23. Nxg6 fxg6 24. Qh2 1-0

[Event "10. Torneo I. Cidade de Pontevedra 2022"]
[Site "Pontevedra ESP"]
[Date "2022.07.27"]
[Round "5.23"]
[White "Sixto Puente, Eloy"]
[Black "Antonano Fernandez-Quincoces, Av"]
[Result "0-1"]
[WhiteElo "2071"]
[BlackElo "1981"]
[PlyCount "88"]
[EventDate "2022.07.24"]
[EventType "swiss"]
[EventRounds "9"]
[EventCountry "ESP"]
[SourceTitle "Ajedrez en Madrid"]
[Source "lmi"]
[SourceDate "2022.07.24"]
[SourceVersion "1"]
[SourceVersionDate "2022.08.06"]
[SourceQuality "1"]

1. Nf3 c5 2. e4 g6 3. d4 cxd4 4. Nxd4 Nc6 5. Nc3 Bg7 6. Be3 Nf6 7. Bc4 O-O 8.
Bb3 a5 9. O-O a4 10. Nxa4 Nxe4 11. Nb5 Ra6 12. c4 Na5 13. Rc1 Nxb3 14. axb3 Nd6
15. Nxd6 Rxd6 16. Qe2 Rc6 17. b4 d5 18. Rfd1 d4 19. b5 Rd6 20. c5 Rd5 21. Nb6
Rxc5 22. Rxc5 Qxb6 23. Rdc1 Bf5 24. Bg5 e5 25. h3 Re8 26. g4 Bd7 27. Rd5 Qe6
28. Rdc5 e4 29. Rc7 h6 30. Bf4 g5 31. Bd2 d3 32. Qe3 Bxb2 33. Rb1 Be5 34. Rxb7
Qa2 35. Rd1 Qd5 36. Qa7 Bxb5 37. Re7 Rxe7 38. Qxe7 e3 39. Bxe3 Bc6 40. f3 Qxf3
41. Qd8+ Kg7 42. Rd2 Qxe3+ 43. Rf2 Bh2+ 44. Kf1 Qc1# 0-1

[Event "10. Torneo I. Cidade de Pontevedra 2022"]
[Site "Pontevedra ESP"]
[Date "2022.07.27"]
[Round "5.24"]
[White "Teijeiro Barros, Alberto"]
[Black "Macqueron, Gregory"]
[Result "1-0"]
[WhiteElo "2066"]
[BlackElo "1936"]
[PlyCount "101"]
[EventDate "2022.07.24"]
[EventType "swiss"]
[EventRounds "9"]
[EventCountry "ESP"]
[SourceTitle "Ajedrez en Madrid"]
[Source "lmi"]
[SourceDate "2022.07.24"]
[SourceVersion "1"]
[SourceVersionDate "2022.08.06"]
[SourceQuality "1"]

1. Nf3 Nf6 2. d4 g6 3. c4 d6 4. Nc3 Bg7 5. e4 O-O 6. Be2 Na6 7. O-O e5 8. Be3
h6 9. h3 exd4 10. Bxd4 c5 11. Be3 Qe7 12. Bd3 Nb4 13. Re1 Re8 14. Bb1 Nc6 15.
Qd2 Kh7 16. Bc2 Nb4 17. Ba4 Bd7 18. Bxd7 Qxd7 19. Bf4 Rad8 20. a3 Nc6 21. Qd3
Nh5 22. Bh2 Nd4 23. Nxd4 Bxd4 24. Rad1 a6 25. b4 Qe6 26. Nd5 Rd7 27. Qf3 Kg7
28. g4 Nf6 29. Nf4 Qe7 30. Nd5 Qe6 31. Nf4 Qxc4 32. h4 Rde7 33. bxc5 Bxc5 34.
Rc1 Qb5 35. Qc3 Rxe4 36. Rxe4 Rxe4 37. g5 hxg5 38. hxg5 Bxf2+ 39. Kxf2 Qxg5 40.
Rg1 Rxf4+ 41. Bxf4 Qxf4+ 42. Ke2 Qh2+ 43. Kf1 d5 44. Rg2 Qh1+ 45. Kf2 Qh4+ 46.
Kg1 d4 47. Qd3 Qe1+ 48. Kh2 Ng4+ 49. Rxg4 Qf2+ 50. Kh1 Qe1+ 51. Kg2 1-0

[Event "10. Torneo I. Cidade de Pontevedra 2022"]
[Site "Pontevedra ESP"]
[Date "2022.07.27"]
[Round "5.25"]
[White "Pintor, Simao Maciel Abranc"]
[Black "Cabanas Rodriguez, Roi"]
[Result "1-0"]
[WhiteElo "2062"]
[BlackElo "1945"]
[PlyCount "42"]
[EventDate "2022.07.24"]
[EventType "swiss"]
[EventRounds "9"]
[EventCountry "ESP"]
[SourceTitle "Ajedrez en Madrid"]
[Source "lmi"]
[SourceDate "2022.07.24"]
[SourceVersion "1"]
[SourceVersionDate "2022.08.06"]
[SourceQuality "1"]

1. e4 c5 2. Nf3 d6 3. d4 cxd4 4. Nxd4 Nf6 5. Nc3 g6 6. Be3 Bg7 7. f3 O-O 8. Qd2
Nc6 9. O-O-O Nxd4 10. Bxd4 Be6 11. Kb1 Qc7 12. Nd5 Bxd5 13. exd5 Nd7 14. h4
Bxd4 15. Qxd4 Rac8 16. Qd2 Kh8 17. Bd3 Nf6 18. h5 Nxh5 19. g4 Nf6 20. Qh6 Rg8
21. g5 Nh5 1-0

[Event "10. Torneo I. Cidade de Pontevedra 2022"]
[Site "Pontevedra ESP"]
[Date "2022.07.27"]
[Round "5.26"]
[White "Sanroman Costas, Mauro"]
[Black "Fernandez Rivero, Karla July"]
[Result "1-0"]
[WhiteElo "1934"]
[BlackElo "2058"]
[PlyCount "101"]
[EventDate "2022.07.24"]
[EventType "swiss"]
[EventRounds "9"]
[EventCountry "ESP"]
[SourceTitle "Ajedrez en Madrid"]
[Source "lmi"]
[SourceDate "2022.07.24"]
[SourceVersion "1"]
[SourceVersionDate "2022.08.06"]
[SourceQuality "1"]

1. e4 e5 2. Nc3 Nf6 3. f4 d5 4. fxe5 Nxe4 5. Qf3 Nxc3 6. bxc3 c5 7. Qg3 Nc6 8.
Nf3 Bf5 9. Bd3 Bxd3 10. cxd3 g6 11. O-O Be7 12. d4 cxd4 13. Nxd4 Nxd4 14. cxd4
O-O 15. d3 f5 16. Bh6 Bh4 17. Qf3 Re8 18. Rab1 Qd7 19. Rb2 Rac8 20. Rfb1 Rc7
21. Rb5 Rd8 22. Bf4 Rc2 23. g3 g5 24. Rxb7 Qe6 25. Qh5 Qg6 26. Qxg6+ hxg6 27.
Be3 f4 28. Bf2 g4 29. gxh4 Rxa2 30. Rb8 Rxb8 31. Rxb8+ Kf7 32. Rb7+ Kf8 33. e6
f3 34. Bg3 Ra1+ 35. Kf2 Ra2+ 36. Ke1 Re2+ 37. Kf1 Rxe6 38. Rxa7 Rb6 39. Ra2 Rb3
40. Rd2 Kf7 41. Kf2 Ke6 42. Ke3 Kf5 43. Ra2 Rb5 44. Ra8 Rb2 45. Rf8+ Ke6 46.
Kf4 Ke7 47. Ra8 Rg2 48. Ra1 Rd2 49. Kxg4 Rxd3 50. Re1+ Kf7 51. Be5 1-0

[Event "10. Torneo I. Cidade de Pontevedra 2022"]
[Site "Pontevedra ESP"]
[Date "2022.07.27"]
[Round "5.27"]
[White "Carballo Noya, Miguel"]
[Black "Pastor Alonso De Prado, Alberto"]
[Result "1/2-1/2"]
[WhiteElo "1910"]
[BlackElo "2050"]
[PlyCount "116"]
[EventDate "2022.07.24"]
[EventType "swiss"]
[EventRounds "9"]
[EventCountry "ESP"]
[SourceTitle "Ajedrez en Madrid"]
[Source "lmi"]
[SourceDate "2022.07.24"]
[SourceVersion "1"]
[SourceVersionDate "2022.08.06"]
[SourceQuality "1"]

1. e4 c6 2. Nc3 d5 3. Qf3 dxe4 4. Nxe4 Nf6 5. Bc4 e6 6. d3 Nbd7 7. Bf4 Qa5+ 8.
Bd2 Qb6 9. Bb3 Nxe4 10. dxe4 a5 11. a4 Bb4 12. Rd1 O-O 13. Ne2 Bxd2+ 14. Rxd2
Qb4 15. Nd4 Nc5 16. c3 Qb6 17. Bd1 e5 18. Nf5 Bxf5 19. Qxf5 Rad8 20. Rxd8 Rxd8
21. O-O f6 22. g3 Rd2 23. Bh5 Qd8 24. b4 axb4 25. cxb4 Nxa4 26. Qe6+ Kh8 27. h3
g6 28. Ra1 Nb6 29. Bg4 Kg7 30. Ra7 Rd7 31. b5 c5 32. Qb3 Rc7 33. Be6 c4 34. Qe3
c3 35. Ra1 Qd4 36. Rc1 Qxe3 37. fxe3 Kf8 38. Kf2 Ke7 39. Bb3 Nd7 40. Bd5 Nb6
41. Bb3 Nc8 42. Bd5 Nd6 43. b6 Rc5 44. Ke2 f5 45. Kd3 g5 46. g4 f4 47. exf4
gxf4 48. Rxc3 Rxc3+ 49. Kxc3 Nc8 50. Bxb7 Nxb6 51. Ba6 Nd7 52. Bf1 h6 53. Bg2
Kd6 54. Kc4 Nf8 55. h4 Ng6 56. g5 hxg5 57. hxg5 Nf8 58. Bf3 Ke6 1/2-1/2